Diagnóstico preliminar de la inserción laboral del graduado universitario en turismo en el Mercosur (Registro nro. 22718)
[ vista simple ]
| 000 -LEADER | |
|---|---|
| fixed length control field | 00372 a2200109 4500 |
| 001 - CONTROL NUMBER | |
| control field | ART_6206 |
| 005 - DATE AND TIME OF LATEST TRANSACTION | |
| control field | 20260410161825.0 |
| 008 - FIXED-LENGTH DATA ELEMENTS--GENERAL INFORMATION | |
| fixed length control field | 260409a |
| 100 1# - MAIN ENTRY--PERSONAL NAME | |
| Personal name | Biasone, Ana María |
| 245 10 - TITLE STATEMENT | |
| Title | Diagnóstico preliminar de la inserción laboral del graduado universitario en turismo en el Mercosur |
| 773 0# - HOST ITEM ENTRY | |
| Title | FACES |
| Related parts | - Año 2, Nº 3 (dic. 1996) |
| Record control number | REV5046 |
No hay ítems disponibles.